000 00615nam a2200217Ii 4500
003 JO-AjNU
008 230606s9999||||xx |||||||||||||| ||und||
020 _a978-81-317-2858-1
040 _aJO-AjNU
_beng
_erda
_cJO-AjNU
041 _aeng
050 1 4 _aQA331.5.2009
100 3 _aGordon,Russell A,
_eauthor
_93851
245 0 0 _aReal Analysis: A first course
250 _a1 ed
264 3 1 _aNew york: Pearson Education International, 2009
300 _a386p
336 _atext
_btxt
_2rdacontent
337 _aunmediated
_bn
_2rdamedia
338 _avolume
_bnc
_2rdacarrier
650 4 _aReal Analysis
_93852
999 _aE2009
_c2008
_d2008